00388 a2200109 4500001001000000005001700010008004100027245010300068100002700171773006300198999001700261ART_3043620260410162004.0260409a 10aEficiencia-x, obra pública, fórmulas polinómicas de ajuste de precios y el factor financiero1 aPiffano, Horacio L. P.0 tBoletín Informativo ASAPg- Nº 19 (jun. 1988)wREV30391 c31522d31522